|
|
|
แสดงรายละเอียดบรรณานุกรม |
|
|
Brief Record
: Get Marc (ISO 2709)
: E-mail record
: |
| LEADER : 00000nam 2200000uu 4500 | |||
| 001 13399129184 | |||
| 003 ULIB | |||
| 008 260422s2568||||th 000 0 tha d | |||
| 020 ^a9786164970731 :^c315 | |||
| 060 0 ^aQV350^bว179ก | |||
| 100 ^aวสันต์ กาติ๊บ | |||
| 245 1 ^aการใช้ยาต้านจุลชีพอย่างเหมาะสมในผู้ป่วยนอก /^cวสันต์ กาติ๊บ | |||
| 250 ^aพิมพ์ครั้งที่ 5. | |||
| 260 ^aกรุงเทพฯ :^bจุฬาลงกรณ์มหาวิทยาลัย,^c2568 | |||
| 300 ^a188 หน้า :^bภาพประกอบ ;^c26 ซม. | |||
| 502 ^aหนังสือเล่มนี้ผู้นิพนธ์ได้จัดทำขึ้นโดยมีจุมุ่งหมายอยู่สองประการคือ ประการแรกเพื่อให้นักศึกษาที่มีความสนใจในโรคติดเชื้อไว้อ่านประกอบการเรียนด้านโรคติดเชื้อในผู้ป่วยนอก ประการที่สอง เพื่อให้ผู้สนใจทั่วไปทั้ง เภสัชกร และบุคลากรทางด้านสาธารณสุขอื่นๆ ได้นำไปใช้ในการดูแลผู้ป่วยนอกโรคติดเชื้อให้มีประสิทธิภาพมากขึ้น | |||
| 650 4 ^aการใช้ยา | |||
| 650 4 ^aยาต้านจุลชีพ | |||
| 856 4 ^a^3ดูปกและสารบัญ (see cover and contents)^uhttps://opacb.bsru.ac.th/book/File11949 | |||
| 999 ^aประนอม เกษจรัล | |||
| คุณยังไม่ได้ล็อกอิน คุณสามารถมีกิจกรรมร่วมกับเว็บไซต์ได้ แต่ต้องล็อกอินก่อน :: |
|
รายการสื่อสารสนเทศ |
| สถานะ | |||||
| 1. | หนังสือสำรอง สถานะ=หนังสือสำรอง | QV350 ว179ก ฉ.1 Barcode: 012061 | ►หนังสือทั่วไป | บนชั้น | |
| 2. | วิทยาศาสตร์การแพทย์ และสุขภาพ | QV350 ว179ก ฉ.2 Barcode: 012062 | ►หนังสือทั่วไป | บนชั้น | |
| 3. | วิทยาศาสตร์การแพทย์ และสุขภาพ | QV350 ว179ก ฉ.3 Barcode: 012063 | ►หนังสือทั่วไป | บนชั้น | |
| 4. | วิทยาศาสตร์การแพทย์ และสุขภาพ | QV350 ว179ก ฉ.4 Barcode: 012064 | ►หนังสือทั่วไป | บนชั้น | |
| 5. | วิทยาศาสตร์การแพทย์ และสุขภาพ | QV350 ว179ก ฉ.5 Barcode: 012065 | ►หนังสือทั่วไป | บนชั้น | |
BibComment |
| คอมเมนท์ทรัพยากรรายการนี้ |
|
| |
Copyright 2026. Bcnsprnw @Library |
|